000 00577nam a22001817a 4500
003 UA-OsUOA
001 15989
007 ta
008 20031215b un ||||| |||| 00| 0 ukr d
100 _aСтепанов Л.
942 _cSA
040 _aUA-OsUOA
_cUA-OsUOA
_dUA-OsUOA
245 _aГаньба 20-го століття
_b[Про масові репресії німец. окупантів у Рівному]
300 _aС.2
955 _a0
773 0 _w0
_tРівненський діалог
_dРівне
_d2003
_g№35/7 листоп./
650 7 _aІсторія
_2UDC
999 _c302154
_d302154